000 00334nam a2200133Ia 4500
005 20260328104308.0
008 260328s9999||||xx |||||||||||||| ||und||
100 _aBroto, Carles
245 0 _aEscuelas Innovación y Diseño /
_cCarles Broto
260 _bLinks
300 _a299 p.
650 _aEDIFICACIONES ESCOLARES
942 _cBK
999 _c10862
_d10862